000 00615nam a22002057a 4500
008 160112b xxu||||| |||| 00| 0 eng d
020 _a9780073403465 (hard copy : alk. paper)
020 _a0073403466 (hard copy : alk. paper)
041 0 _aeng
080 _a57
100 1 _aEnger, Eldon D.
245 0 0 _aConcepts in biology /
_cEldon D. Enger, Frederick C. Ross, David B. Bailey.
250 _a14th ed.
260 _aNew York :
_bMcGraw-Hill,
_cc2012.
300 _axxiii, 638 f. :
_bme il.;
_c28 cm.
650 0 _aBiologji
700 1 _aRoss, Frederick C.
700 1 _aBailey, David B.
942 _2udc
_cBK
999 _c1410
_d1410